000 01223nam a2200253 a 4500
001 69212
003 BD-RjUL
005 20211209081848.0
008 170410r19551952ii ||||| |||| 00| 0 ben d
035 _a(BD-RjUL)69423
040 _aBD-RjUL
_beng
_cBD-RjUL
041 _aeng
082 _223
_a823.912
_bWEW 1955
100 _aওয়েলস, এইচ. জি.
_9150008
245 1 _aদি ওয়ার অব দি ওয়ার্ল্ডস /
_cএইচ. জি. ওয়েলস, অনুবাদ নির্মলচন্দ্র গঙ্গোপাধ্যায়
260 _aকলিকাতা :
_bঅভ্যুদয় প্রকাশ,
_c১৯৫৫.
300 _a১৪২ পৃ. ;
_c২০ সেমি.
650 _aWells, H. G. (Herbert George), 1866-1946
_9205062
650 _aওয়েলস, এইচ. জি. (হার্বার্ট জর্জ), ১৮৬৬-১৯৪৬
_9209648
650 _aScience fiction, English.
_9209649
650 _aবৈজ্ঞানিক কল্পকাহিনী, ইংরেজী
_9209650
700 _aগঙ্গোপাধ্যায়, নির্মলচন্দ্র
_9124058
942 _2ddc
_cBK
999 _c69212
_d69212